Europäisches Land nach dem zweiten Weltkrieg. - Statistiken

Allgemein
  • Dieses Quiz wurde 182 mal gespielt
  • Das Durchschnittsergebnis liegt bei 30 aus 32
Antworten auf der Karte
Die Antworten werden auf der Karte rot bzw. grün angezeigt, abhängig davon wie oft sie richtig erraten wurden.
 
Antwortstatistiken
Antwort % Korrekt
Italien
99%
Frankreich
98%
Portugal
98%
Schweiz
98%
Finnland
97%
Niederlande
97%
Norwegen
97%
Osterreich
97%
Schweden
97%
Spanien
97%
Belgien
96%
Dänemark
96%
Irland
96%
Island
96%
Liechtenstein
96%
Polen
96%
Ungarn
96%
DDR
95%
Monaco
95%
Albanien
94%
Andorra
94%
Bulgarien
94%
Griechenland
94%
Luxemburg
94%
San Marino
94%
Rumänien
93%
Vatikanstadt
93%
Jugoslawien
91%
Tschechoslowakei
90%
BRD
89%
Großbritannien
85%
UdSSR
76%
Keine übereinstimmenden Quizze gefunden
Verteilung der Resultate
Anzahl Personen mit jedem Resultat
Perzentil nach korrekt beantworteten Fragen
Ihre Resultats-Entwicklung
Sie haben dieses Quiz noch nicht gespielt